00000000nam##2200000za#4500
0019.569703
003CaOODSP
00520210624181908
007cr |||||||||||
008150406|2008||||xxc|||||o    f|0| 0 eng|d
040 |aCaOODSP|beng
043 |an-cn---
0861 |aNH18-1/353-2008E-PDF
1102 |aCanada Mortgage and Housing Corporation.
24510|aDepressurization spillage testing of ten residential gas-fired combustion appliances : |h[electronic resource]|bfinal report
2463 |aLaboratory depressurization test for residential gas appliances - part 2 = Essais en laboratoire d'appareils à gaz résidentiels soumis à une dépressurisation : deuxième partie
260 |aOttawa - Ontario : |bCanada Mortgage and Housing Corporation |cJanuary 2008 (main report), June 2008 (Research highlight).
300 |a28p.|bfigs. (some coloured), graph, tables
4901 |aResearch report
500 |aIncludes: Research highlight (Technical series 08-103) under the title "Laboratory depressurization test for residential gas appliances - Part 2". Y compris : Le point en recherche (Série technique 08-103) sous le titre « Essais en laboratoire d'appareils à gaz résidentiels soumis à une dépressurisation : deuxième partie ».
546 |a(Comprend du texte en français.)
590 |a11-26-Supp|b2011-11-03
830#0|aResearch report (Canada Mortgage and Housing Corporation : Online)|w(CaOODSP)9.506068
85640|ahttp://publications.gc.ca|qPDF|s1.81 MB|uhttps://publications.gc.ca/collections/collection_2011/schl-cmhc/nh18-1/NH18-1-353-2008-eng.pdf